000
00314nam a22001337a 4500
008
260223b ||||| |||| 00| 0 eng d
020
_a
9951050274
041
_a
Shqip
080
_a
2.1
100
_a
20.01
101
_a
shqip
245
_a
Dugagjini Ballkan Books
_c
Petrit Kotrri, Norbert Jokl
942
_2
lcc
_c
BK
999
_c
60850
_d
60850